Loading...

Indian development: Selected regional perspectives

Bibliographic Details
Main Author: Dreze, Jean,Ed
Format: Printed Book
Published: Chennai OUP 1996
Subjects:
LEADER 00478nam a22001337a 4500
082 |a 338.954  |b DRE.I 
100 |a Dreze, Jean,Ed. 
245 |a Indian development: Selected regional perspectives  
260 |a Chennai  |b OUP  |c 1996 
500 |a Study prepared for the WIDER of the UNU 
650 |a Economic development 
942 |c BK 
999 |c 11960  |d 11960 
952 |0 0  |1 0  |4 0  |6 338_954000000000000_DRE_I1  |7 0  |9 14080  |a CAMPUS  |b CAMPUS  |d 2017-07-19  |l 0  |o 338.954 DRE.I;1  |p 09685  |r 2017-07-19  |w 2017-07-19  |y BK